000
00265nam a22001097a 4500
082
_a
923.195491 MUH'Z
100
_a
ZAIDI, Z. H
_9
7872
245
_a
M. A. JINNAH ISPAHANI CORRSPONDENCE 1936-1948
260
_a
KARACHI
_b
FORWARD
_c
1976
300
_a
718P
942
_c
BK
999
_c
581733
_d
581733